000 00698nam a2200265Ia 4500
005 20260302115719.0
008 008 260114s9999 xx 000 0 eng d
020 _a9798881846619
037 _aTextbook
040 _aCRL
040 _beng
040 _cCRL
041 _2eng
041 _aeng
084 _qCRL
100 _aJerry Jamison
_91122428
245 0 _aVanishing Act A Crashed Airliner, Faked Death, and Backroom Abortions
260 _bBloomsbury
260 _bRowman & Littlefield
260 _c2025
650 _aLaw
856 _uhttps://doi.org/10.5040/9798881846619?locatt=label:secondary_bloomsburyCollections
942 _cEBOOK
999 _c1687212
_d1687212